000 00325nam a2200121Ia 4500
008 240731s9999 xx 000 0 und d
022 _a1744-411X
245 0 _aJournal of Clinical and Experimental Neuropsychology
260 _bRoutledge
856 _uhttps://www.tandfonline.com/loi/ncen20
942 _2ddc
942 _cTFEJ
999 _c77541
_d77541
945 _a1
_bMadushi Gamage
_c1
_dMadushi Gamage